Personnages Barbie #2 - Statistiques

Statistiques générales
  • Ce quiz a été pris 362 fois
  • Le résultat moyen est 8 sur 33
Statistiques - réponses
Par images Réponse % Correct
Blair
88%
Delancy
63%
Bibble
59%
Mariposa
59%
Ro
58%
Dame Devin
42%
Tika
42%
Elina
35%
Azul
34%
Emily
33%
Portia
33%
Hadley
31%
Isla
31%
Princesse Tori
18%
Catherine
16%
Prince Antonio
16%
Esprit du futur
14%
Esprit du passé
14%
Esprit du présent
14%
Prince Nicholas
13%
Princesse Luciana
13%
Sagi
13%
Tallulah
13%
Eden Starling
11%
Popstar Keira
11%
Duchesse Amélia
10%
Prince Carlos
9%
Reine Ariana
9%
Henna
8%
Miss Privet
8%
Prince Liam
8%
Zinzie
4%
Chuzzlewit
3%
Aucun quiz correspondant
Distribution des résultats
% des personnes avec chaque résultat
Percentile par nombre de réponses
Votre historique - résultats
Vous n’avez pas pris ce quiz